Un manual de estilo : (Registro nro. 53658)

Detalles MARC
000 -LEADER
campo de control de longitud fija 01594cam a2200409 4500
003 - IDENTIFICADOR DE NÚMERO DE CONTROL
campo de control PE-LiUPU
005 - FECHA Y HORA DE LA ÚLTIMA TRANSACCIÓN
campo de control 20250731175642.0
020 ## - NÚMERO INTERNACIONAL ESTÁNDAR DEL LIBRO
Número Internacional Estándar del Libro 0789907577
035 ## - NÚMERO DE CONTROL DEL SISTEMA
Número de control de sistema (Sirsi) i9780789907578
035 ## - NÚMERO DE CONTROL DEL SISTEMA
Número de control de sistema (Sirsi) 47298
035 ## - NÚMERO DE CONTROL DEL SISTEMA
Número de control de sistema (Sirsi) 47298
041 ## - CÓDIGO DE IDIOMA
Código de lengua del texto/banda sonora o título independiente es
044 ## - CÓDIGO DEL PAÍS DE LA ENTIDAD EDITORA/PRODUCTORA
Código MARC del país us
082 04 - NÚMERO DE LA CLASIFICACIÓN DECIMAL DEWEY
Número de clasificación 468.7
Cutter L49
100 1# - ENTRADA PRINCIPAL--NOMBRE DE PERSONA
Nombre de persona Llerena, Mario,
Término indicativo de función/relación autor
245 13 - MENCIÓN DEL TÍTULO
Título Un manual de estilo :
Resto del título una presentación práctica y fácil de las normas necesarias para el uso correcto y apropiado del idioma español /
Mención de responsabilidad, etc. Mario Llerena.
264 #1 - PRODUCCIÓN, PUBLICACIÓN, DISTRIBUCIÓN, FABRICACIÓN Y COPYRIGHT
Producción, publicación, distribución, fabricación y copyright Miami, Florida :
Nombre del de productor, editor, distribuidor, fabricante [Unilit],
Fecha de producción, publicación, distribución, fabricación o copyright 1981
300 ## - DESCRIPCIÓN FÍSICA
Extensión 419 páginas ;
Dimensiones 21 cm.
504 ## - NOTA DE BIBLIOGRAFÍA, ETC.
Nota de bibliografía, etc. Incluye bibliografía
505 0# - NOTA DE CONTENIDO CON FORMATO
Nota de contenido con formato Vulgarismos -- Barbarismos -- Mayúsculas, minúsculas, cursiva -- Puntuación -- La cita y el diálogo -- Cifras o palabras -- Acentuación -- Notas y referencias -- Abreviaturas -- Un poco de retórica
526 ## - NOTA DE INFORMACIÓN SOBRE EL PROGRAMA DE ESTUDIO
Nombre del programa Comunicación Y Periodismo
526 ## - NOTA DE INFORMACIÓN SOBRE EL PROGRAMA DE ESTUDIO
Nombre del programa Educación, Especialidad Inglés Y Español (A Distancia)
526 ## - NOTA DE INFORMACIÓN SOBRE EL PROGRAMA DE ESTUDIO
Nombre del programa Educación, Especialidad Inglés Y Español
526 ## - NOTA DE INFORMACIÓN SOBRE EL PROGRAMA DE ESTUDIO
Nombre del programa Teología
526 ## - NOTA DE INFORMACIÓN SOBRE EL PROGRAMA DE ESTUDIO
Nombre del programa Educación secundaria, especialidad lingüística e inglés
526 ## - NOTA DE INFORMACIÓN SOBRE EL PROGRAMA DE ESTUDIO
Nombre del programa Ciencias de la comunicación
596 ## -
-- 1
650 14 - PUNTO DE ACCESO ADICIONAL DE MATERIA--TÉRMINO DE MATERIA
Término de materia o nombre geográfico como elemento de entrada Español
Subdivisión general Estilo
700 1# - ENTRADA AGREGADA--NOMBRE PERSONAL
Nombre de persona Del Pino, Jennifer
Término indicativo de función/relación coaut.
700 1# - ENTRADA AGREGADA--NOMBRE PERSONAL
Nombre de persona Sáez, Luis Nahúm
Término indicativo de función/relación ed.
859 ## - INFORMACIÓN DE CONTROL LOCAL (RLIN)
-- 64949
-- 468.7
-- L49
942 ## - ELEMENTOS DE ENTRADA SECUNDARIOS (KOHA)
Fuente del sistema de clasificación o colocación Clasificación Decimal Dewey
Tipo de ítem Koha
949 ## - PROCESAMIENTO DE INFORMACIÓN LOCAL (OCLC)
a 468.7 L49
i 64949
l CCODEBUL1
m BUL
t LIBRO
o .STAFF. Colección General
910 ## - DATOS DE OPCIÓN DEL USUARIO (OCLC)
Datos de opción del usuario gl
-- jv
-- lch
-- 20120625
999 ## - NÚMEROS DE CONTROL DE SISTEMA (KOHA)
-- DEWEY
-- 64949
-- 2021-11-8
-- 5
-- CCODEBUL1
-- BUL
-- 13.00
-- 0
-- Y
-- BOOK
-- 2015-7-6
-- EDUCACION
-- P35
-- COMPRA
-- .STAFF. Colección General
980 ## - EQUIVALENCIA O REFERENCIA-CRUZADA-MENCIÓN DE SERIE--NOMBRE DE PERSONA/TÍTULO [LOCAL, CANADÁ]
ID del último usuario que modificó el registro 1
Nombre del último usuario que modificó el registro ALBERTO SANCHEZ Responsable de Automatización
Existencias
Visto por última vez Número de inventario Total de préstamos Signatura topográfica completa Código de barras Copia número Coste, precio de reemplazo Fecha de reemplazo Facultad Tipo de ítem Koha Nota pública Estado de pérdida Fuente del sistema de clasificación o colocación Restricciones de uso No para préstamo Colección Programa académico Biblioteca de origen Biblioteca actual Ubicación en estantería Fecha de adquisición Fuente de adquisición Coste, precio normal de compra
2025-12-02 6   468.7 L49 64949 e1 18.00 2015-07-06   Libros físicos inventario-2023-12-13 No Perdido Clasificación Decimal Dewey No restringido Disponible para préstamos Colección General Teología Biblioteca CRAI UPeU Lima Biblioteca CRAI UPeU Lima Sala principal 2015-07-06 COMPRA 13.00